[Event "BL 1516 SV Mülheim Nord - Schachfr. Be"]
[Site "?"]
[Date "2016.02.21"]
[Round "9.1"]
[White "Melkumyan, Hrant"]
[Black "Navara, David"]
[Result "1/2-1/2"]
[WhiteElo "2649"]
[BlackElo "2734"]
[PlyCount "199"]
[EventDate "2016.??.??"]

1. Nf3 Nf6 2. c4 c5 3. Nc3 Nc6 4. g3 g6 5. d4 cxd4 6. Nxd4 Bg7 7. Bg2 O-O 8.
O-O d6 9. Nxc6 bxc6 10. Bxc6 Rb8 11. Bg2 Qa5 12. Qc2 Bf5 13. e4 Be6 14. Bd2
Bxc4 15. Nd5 Qa6 16. Nc7 Qc6 17. e5 Qxc7 18. exf6 Bxf6 19. b3 Rfc8 20. bxc4
Bxa1 21. Rxa1 Qxc4 22. Qxc4 Rxc4 23. Bf3 Rb2 24. Bc1 Rxa2 25. Rxa2 Rxc1+ 26.
Kg2 Rc7 27. Ra6 Kg7 28. Bd1 d5 29. f4 e6 30. Kf3 h6 31. Be2 Kf6 32. Bd3 Rb7 33.
Ke3 g5 34. f5 Ke5 35. fxe6 fxe6 36. Be2 Rb3+ 37. Kf2 Rb2 38. Ke3 Rb3+ 39. Kd2
Rb2+ 40. Kd3 Rb3+ 41. Kc2 Rb6 42. Rxa7 Kd4 43. Kd2 Rb2+ 44. Ke1 e5 45. Ra4+ Kc5
46. Ra6 d4 47. Ra5+ Kd6 48. Bf3 Rxh2 49. g4 e4 50. Bxe4 h5 51. gxh5 Rxh5 52.
Kd2 Rh3 53. Rxg5 Ra3 54. Rh5 Rg3 55. Ra5 Rh3 56. Bd3 Rh2+ 57. Be2 d3 58. Kxd3
Rh3+ 59. Ke4 Rh4+ 60. Ke3 Rb4 61. Bf3 Rc4 62. Be4 Rb4 63. Kf4 Rd4 64. Ra6+ Kc5
65. Ke5 Rd8 66. Rc6+ Kb5 67. Rc1 Rd2 68. Bd5 Rh2 69. Rc8 Rh4 70. Be4 Kb4 71.
Kd4 Rg4 72. Rb8+ Ka4 73. Kd5 Ka3 74. Bc2 Rb4 75. Ra8+ Kb2 76. Be4 Kc3 77. Rc8+
Kd2 78. Ke5 Rb5+ 79. Kf4 Rb2 80. Rd8+ Kc3 81. Ke3 Rh2 82. Rc8+ Kb4 83. Kd4 Rh4
84. Rb8+ Ka4 85. Kd5 Ka3 86. Rb1 Rg4 87. Bd3 Rb4 88. Rh1 Kb3 89. Rh3 Rf4 90.
Bc4+ Kc2 91. Re3 Rf8 92. Kc5 Rc8+ 93. Kd4 Rd8+ 94. Bd5 Kd2 95. Rh3 Rd7 96. Rh2+
Kd1 97. Ke4 Kc1 98. Ke5 Rd8 99. Ke6 Kd1 100. Ke5 1/2-1/2

[Event "BL 1516 SV Mülheim Nord - Schachfr. Be"]
[Site "?"]
[Date "2016.02.21"]
[Round "9.2"]
[White "Fridman, Daniel"]
[Black "Schneider, Ilja"]
[Result "1-0"]
[WhiteElo "2616"]
[BlackElo "2489"]
[PlyCount "109"]
[EventDate "2016.??.??"]

1. d4 d5 2. c4 c6 3. Nc3 Nf6 4. Nf3 a6 5. Qc2 dxc4 6. e4 b5 7. b3 cxb3 8. axb3
Bg4 9. Be3 Bxf3 10. gxf3 e6 11. Bg2 a5 12. e5 Nd5 13. Nxd5 cxd5 14. Bf1 Qd7 15.
Bd2 Be7 16. Bd3 a4 17. bxa4 Rxa4 18. O-O Rxa1 19. Rxa1 b4 20. Rc1 O-O 21. Bxh7+
Kh8 22. Bd3 g6 23. Qc7 Qxc7 24. Rxc7 Bd8 25. Rc8 Be7 26. Rc7 Bd8 27. Rc1 Ba5
28. Bb5 Kg7 29. Ra1 Bb6 30. Bxb4 Rc8 31. Be7 Bd8 32. Bxd8 Rxd8 33. Ra8 Rf8 34.
f4 Nd7 35. Ra6 Nb8 36. Rb6 Rd8 37. Kg2 Kf8 38. Kg3 Kg7 39. Kg4 Kh6 40. h4 Nd7
41. Rd6 Nf6+ 42. Kf3 Rb8 43. exf6 Rxb5 44. Rd7 Kh7 45. Rxf7+ Kg8 46. Rg7+ Kf8
47. f5 exf5 48. Kf4 Rb2 49. f3 Rd2 50. Rd7 Rxd4+ 51. Kg5 Rd1 52. Kxg6 Rg1+ 53.
Kxf5 Rd1 54. h5 Rh1 55. h6 1-0

[Event "BL 1516 SV Mülheim Nord - Schachfr. Be"]
[Site "?"]
[Date "2016.02.21"]
[Round "9.3"]
[White "Mista, Aleksander"]
[Black "Landa, Konstantin"]
[Result "1/2-1/2"]
[WhiteElo "2580"]
[BlackElo "2634"]
[PlyCount "51"]
[EventDate "2016.??.??"]

1. e4 e5 2. Nf3 Nf6 3. Nxe5 d6 4. Nf3 Nxe4 5. d4 d5 6. Bd3 Bd6 7. O-O O-O 8. c4
c6 9. Re1 Bf5 10. Qb3 Qd7 11. Nc3 Nxc3 12. Bxf5 Qxf5 13. bxc3 b6 14. cxd5 cxd5
15. Ne5 Nd7 16. Ba3 Nxe5 17. Bxd6 Nd3 18. Qc2 Qg6 19. Re3 Qxd6 20. Qxd3 Rae8
21. Rae1 Rxe3 22. Rxe3 g6 23. h4 h5 24. Re5 Kg7 25. Qf3 Rc8 26. g3 1/2-1/2

[Event "BL 1516 SV Mülheim Nord - Schachfr. Be"]
[Site "?"]
[Date "2016.02.21"]
[Round "9.4"]
[White "Berelowitsch, Alexander"]
[Black "Piorun, Kacper"]
[Result "1/2-1/2"]
[WhiteElo "2520"]
[BlackElo "2651"]
[PlyCount "120"]
[EventDate "2016.??.??"]

1. e4 e5 2. Nf3 Nc6 3. Bb5 a6 4. Bxc6 dxc6 5. O-O Bd6 6. d4 exd4 7. Qxd4 f6 8.
Be3 Ne7 9. Nbd2 Be6 10. Qc3 Qd7 11. Nc4 Bxc4 12. Qxc4 O-O-O 13. Nd4 Ng6 14. Nf5
Bf4 15. Bxf4 Nxf4 16. Ne3 g6 17. Rad1 Qe7 18. g3 Nh3+ 19. Kg2 Ng5 20. f3 f5 21.
h4 Rxd1 22. Nxd1 Ne6 23. exf5 gxf5 24. Ne3 Qf6 25. f4 Re8 26. c3 Ng7 27. Rf3
Qd8 28. Nf1 Qd5 29. Qxd5 cxd5 30. Ne3 c6 31. h5 h6 32. Kh3 Kd7 33. g4 Ke6 34.
gxf5+ Nxf5 35. Ng4 c5 36. Rf2 Kd6 37. Ne5 d4 38. Kg4 Ne3+ 39. Kf3 Kd5 40. b3 b5
41. Re2 Re6 42. Re1 c4 43. bxc4+ bxc4 44. cxd4 Nf5 45. Rc1 Nxd4+ 46. Kg4 Re8
47. Rxc4 Rxe5 48. Rxd4+ Kxd4 49. fxe5 Kxe5 50. a4 a5 51. Kf3 Kf5 52. Ke3 Kg5
53. Ke4 Kxh5 54. Kf4 Kh4 55. Kf5 Kh5 56. Kf4 Kg6 57. Kg4 Kg7 58. Kh5 Kh7 59.
Kh4 Kg6 60. Kg4 Kf6 1/2-1/2

[Event "BL 1516 SV Mülheim Nord - Schachfr. Be"]
[Site "?"]
[Date "2016.02.21"]
[Round "9.5"]
[White "Jakubowski, Krzysztof"]
[Black "Levin, Felix"]
[Result "1/2-1/2"]
[WhiteElo "2567"]
[BlackElo "2508"]
[PlyCount "72"]
[EventDate "2016.??.??"]

1. e4 e5 2. Nf3 Nc6 3. Bb5 Nf6 4. O-O Nxe4 5. d4 Nd6 6. Bxc6 dxc6 7. dxe5 Nf5
8. Qxd8+ Kxd8 9. Nc3 Be7 10. Ne2 Nh4 11. Nxh4 Bxh4 12. Be3 Bf5 13. Nd4 Bd7 14.
Rad1 Kc8 15. Rd2 c5 16. Nf3 Be7 17. Bg5 f6 18. exf6 gxf6 19. Re1 Bd8 20. Bh4
Bc6 21. Re6 Rf8 22. Ne1 c4 23. c3 a5 24. Nc2 Bd7 25. Re4 b5 26. Ne3 a4 27. a3
Ra6 28. Red4 Rf7 29. g4 Re6 30. Bg3 Re8 31. Rd5 Bc6 32. Rh5 f5 33. Rxf5 Rxf5
34. gxf5 Bg5 35. Kf1 Be4 36. h4 Bxe3 1/2-1/2

[Event "BL 1516 SV Mülheim Nord - Schachfr. Be"]
[Site "?"]
[Date "2016.02.21"]
[Round "9.6"]
[White "Hausrath, Daniel"]
[Black "Dvirnyy, Daniyyl"]
[Result "1/2-1/2"]
[WhiteElo "2512"]
[BlackElo "2571"]
[PlyCount "61"]
[EventDate "2016.??.??"]

1. Nf3 d5 2. g3 c6 3. Bg2 Bg4 4. O-O e6 5. d4 Nf6 6. Nbd2 Be7 7. Re1 O-O 8. e4
Bh5 9. c3 Nbd7 10. e5 Ne8 11. Nb3 a5 12. Be3 a4 13. Nc1 c5 14. Nd3 cxd4 15.
Bxd4 Nc7 16. Nf4 Bg4 17. h3 Bf5 18. Bf1 Nc5 19. Bxc5 Bxc5 20. Bd3 Bxd3 21. Qxd3
Be7 22. Rad1 Na6 23. c4 dxc4 24. Qxc4 Qc8 25. Qxa4 Nc5 26. Qc4 Ra4 27. b4 Na6
28. Qxc8 Rxc8 29. Rd7 Bxb4 30. Red1 Bf8 31. Rxb7 1/2-1/2

[Event "BL 1516 SV Mülheim Nord - Schachfr. Be"]
[Site "?"]
[Date "2016.02.21"]
[Round "9.7"]
[White "Baldauf, Marco"]
[Black "Dinstuhl, Volkmar"]
[Result "1/2-1/2"]
[WhiteElo "2410"]
[BlackElo "2401"]
[PlyCount "67"]
[EventDate "2016.??.??"]

1. Nf3 d5 2. d4 Nf6 3. c4 e6 4. Nc3 c5 5. cxd5 Nxd5 6. e4 Nxc3 7. bxc3 cxd4 8.
cxd4 Bb4+ 9. Bd2 Bxd2+ 10. Qxd2 O-O 11. Bc4 Nd7 12. O-O b6 13. a4 Bb7 14. Rfe1
Rc8 15. Bd3 e5 16. dxe5 Rc5 17. Qb2 Qb8 18. a5 bxa5 19. Rab1 Ba8 20. Qa2 Qe8
21. Bb5 Qe7 22. e6 Nb6 23. Nd4 Rd8 24. exf7+ Qxf7 25. Qb2 Kh8 26. f3 Qf6 27.
Nf5 Qxb2 28. Rxb2 g6 29. Ne3 Rd4 30. Be2 a4 31. Ra1 Bc6 32. Kf2 Bd7 33. Ke1 Kg7
34. Rc2 1/2-1/2

[Event "BL 1516 SV Mülheim Nord - Schachfr. Be"]
[Site "?"]
[Date "2016.02.21"]
[Round "9.8"]
[White "Buckels, Valentin"]
[Black "Thiede, Lars"]
[Result "0-1"]
[WhiteElo "2248"]
[BlackElo "2423"]
[PlyCount "156"]
[EventDate "2016.??.??"]

1. d4 Nf6 2. c4 g6 3. Nf3 Bg7 4. g3 O-O 5. Bg2 d6 6. O-O Nbd7 7. Qc2 e5 8. Rd1
Re8 9. e4 c6 10. Nc3 Qc7 11. h3 b6 12. Be3 Bb7 13. Rac1 exd4 14. Nxd4 a6 15.
Nde2 Rad8 16. Rd2 Ne5 17. b3 c5 18. Rcd1 Qb8 19. Nf4 Ba8 20. Nfd5 Bxd5 21. cxd5
b5 22. Re2 Rc8 23. f4 Ned7 24. Rde1 Nb6 25. Bf2 Nfd7 26. h4 b4 27. Nb1 c4 28.
bxc4 Rxc4 29. Qb3 a5 30. Qf3 Qc7 31. h5 Na4 32. hxg6 hxg6 33. Bf1 Bd4 34. Bxd4
Rxd4 35. Rh2 Qc5 36. Kh1 Rxd5 37. Qb3 Ndb6 38. Rc2 Qd4 39. Rd2 Rh5+ 40. Kg2 Qh8
41. Kf2 d5 42. e5 Nc5 43. Qf3 Ne4+ 44. Rxe4 dxe4 45. Qxe4 Rh1 46. Bg2 Qh2 47.
Kf3 Qh5+ 48. g4 Rh3+ 49. Bxh3 Qxh3+ 50. Kf2 Qxg4 51. Rd3 Rc8 52. Nd2 Qh4+ 53.
Rg3 Qh2+ 54. Rg2 Qh4+ 55. Rg3 Qd8 56. Rd3 Qe7 57. f5 Nd7 58. Re3 Nf8 59. Nf3
Qc7 60. Re2 Qb6+ 61. Kg3 gxf5 62. Qxf5 Rc6 63. Ng5 Rc3+ 64. Kh2 Qh6+ 65. Kg2
Qg6 66. Qxg6+ Nxg6 67. Kf2 Rc5 68. Nf3 Kf8 69. Kg3 Ke7 70. Kf2 Nf4 71. Rd2 Rc3
72. Kg3 Nd3 73. Kg2 a4 74. Kf1 b3 75. axb3 axb3 76. Rd1 Nb2 77. Rb1 Rxf3+ 78.
Kg2 Rc3 0-1

[Event "BL 1516 Hansa Dortmund - USV TU Dresden"]
[Site "?"]
[Date "2016.02.21"]
[Round "9.1"]
[White "Eljanov, Pavel"]
[Black "Tari, Aryan"]
[Result "1-0"]
[WhiteElo "2760"]
[BlackElo "2537"]
[PlyCount "75"]
[EventDate "2016.??.??"]

1. d4 Nf6 2. Nf3 d5 3. g3 g6 4. Bg2 Bg7 5. c4 dxc4 6. Na3 c3 7. bxc3 O-O 8. O-O
c5 9. Re1 Nd5 10. Bb2 Nc6 11. e4 Nb6 12. Rb1 Na5 13. Ba1 Bd7 14. Qe2 Rc8 15. d5
c4 16. Nd4 Rc5 17. Qe3 Na4 18. Rb4 a6 19. Bf3 Qc7 20. Bd1 b5 21. Bxa4 bxa4 22.
Nc6 Rxc6 23. dxc6 Nxc6 24. Rxc4 Qd6 25. Nc2 Ne5 26. Rd4 Qe6 27. Rd5 Qg4 28. Nd4
Be6 29. Nxe6 fxe6 30. Rxe5 Bxe5 31. Kg2 Bf4 32. Qd3 Bd6 33. c4 Qh5 34. Qc3 e5
35. c5 Rc8 36. Qc4+ Kg7 37. cxd6 Rxc4 38. d7 1-0

[Event "BL 1516 Hansa Dortmund - USV TU Dresden"]
[Site "?"]
[Date "2016.02.21"]
[Round "9.2"]
[White "Heberla, Bartlomiej"]
[Black "Gajewski, Grzegorz"]
[Result "0-1"]
[WhiteElo "2531"]
[BlackElo "2635"]
[PlyCount "68"]
[EventDate "2016.??.??"]

1. e4 c5 2. Nf3 d6 3. d4 cxd4 4. Nxd4 Nf6 5. Nc3 a6 6. Be2 e5 7. Nb3 Be7 8. O-O
O-O 9. Be3 Be6 10. a4 Nc6 11. Bf3 Nb4 12. Qd2 Rc8 13. Rfd1 Bg4 14. Bxg4 Nxg4
15. Ba7 b6 16. Qe2 Nf6 17. a5 b5 18. Bc5 dxc5 19. Rxd8 Rfxd8 20. Rc1 Nc6 21.
Nd5 Nxd5 22. exd5 Rxd5 23. c4 Nd4 24. Qe4 Rdd8 25. Nxd4 cxd4 26. b3 bxc4 27.
bxc4 Bb4 28. h4 d3 29. Rd1 d2 30. Kh2 Rd4 31. Qb7 Rxh4+ 32. Kg3 Rhxc4 33. Qxa6
Rc1 34. f3 g6 0-1

[Event "BL 1516 Hansa Dortmund - USV TU Dresden"]
[Site "?"]
[Date "2016.02.21"]
[Round "9.3"]
[White "Bartel, Mateusz"]
[Black "Mons, Léon"]
[Result "1-0"]
[WhiteElo "2613"]
[BlackElo "2458"]
[PlyCount "81"]
[EventDate "2016.??.??"]

1. c4 e6 2. Nf3 Nf6 3. b3 d5 4. Bb2 c5 5. e3 Be7 6. Nc3 O-O 7. cxd5 exd5 8. d4
b6 9. Rc1 Bb7 10. Bd3 Nbd7 11. O-O Bd6 12. Nb5 Bb8 13. dxc5 bxc5 14. Bf5 a6 15.
Nc3 Nb6 16. Ne2 Bd6 17. Ng3 Re8 18. Ng5 g6 19. Qf3 Be5 20. Bxe5 Rxe5 21. Rxc5
h6 22. Qf4 Qe7 23. Nf3 Rxf5 24. Nxf5 Qxc5 25. Nd6 Kg7 26. Nxb7 Qe7 27. Na5 Qa3
28. Nc6 Qxa2 29. Qb4 Nbd7 30. Nfd4 Re8 31. Qc3 Qa3 32. Ra1 Qc5 33. Qxc5 Nxc5
34. b4 Nd3 35. Ra3 Nb2 36. Rxa6 Ne4 37. b5 Nc4 38. h3 Rc8 39. Ne7 Rd8 40. Nxg6
Ncd6 41. Ne7 1-0

[Event "BL 1516 Hansa Dortmund - USV TU Dresden"]
[Site "?"]
[Date "2016.02.21"]
[Round "9.4"]
[White "Pap, Misa"]
[Black "Socko, Bartosz"]
[Result "1/2-1/2"]
[WhiteElo "2483"]
[BlackElo "2577"]
[PlyCount "73"]
[EventDate "2016.??.??"]

1. e4 c6 2. d4 d5 3. Nd2 dxe4 4. Nxe4 Bf5 5. Ng3 Bg6 6. h4 h6 7. Nf3 Nd7 8. h5
Bh7 9. Bd3 Bxd3 10. Qxd3 e6 11. Bd2 Ngf6 12. O-O-O Be7 13. Kb1 Qb6 14. Rhe1 O-O
15. Nf5 exf5 16. Rxe7 Qd8 17. Re2 Ne4 18. g3 Ndf6 19. Nh4 Qd7 20. Qf3 Rae8 21.
Nxf5 Qd5 22. Ka1 Qc4 23. Ne3 Qxd4 24. Bc3 Qc5 25. Bxf6 Nxf6 26. g4 Re4 27. Red2
Qg5 28. Rd4 Rfe8 29. a3 Qe5 30. c3 c5 31. Rd8 Rxd8 32. Rxd8+ Kh7 33. Rf8 Qe6
34. Qg3 Ne8 35. Qf3 Nf6 36. Qg3 Ne8 37. Qf3 1/2-1/2

[Event "BL 1516 Hansa Dortmund - USV TU Dresden"]
[Site "?"]
[Date "2016.02.21"]
[Round "9.5"]
[White "Maiwald, Jens-Uwe"]
[Black "Wegener, Olaf"]
[Result "1/2-1/2"]
[WhiteElo "2443"]
[BlackElo "2440"]
[PlyCount "77"]
[EventDate "2016.??.??"]

1. Nf3 Nf6 2. g3 d5 3. Bg2 c6 4. O-O Bg4 5. d3 Nbd7 6. Nbd2 e5 7. e4 dxe4 8.
dxe4 Bc5 9. h3 Bh5 10. Qe1 O-O 11. Nc4 Qc7 12. Nh4 b5 13. Ne3 Rfd8 14. Nef5 Ne8
15. Bd2 Bf8 16. f4 f6 17. b3 b4 18. Kh1 a5 19. g4 Bf7 20. g5 fxg5 21. fxg5 Nc5
22. Be3 Ne6 23. Qg3 Nf4 24. Bxf4 exf4 25. Rxf4 Nd6 26. Rff1 Rd7 27. Rae1 Re8
28. Qg4 Re5 29. g6 hxg6 30. Nxg6 Bxg6 31. Qxg6 Nxf5 32. exf5 Rd6 33. Qg3 Rxe1
34. Rxe1 Qd7 35. Bf1 Qxf5 36. Bc4+ Kh8 37. Bd3 Qd5+ 38. Be4 Qh5 39. Qf3 1/2-1/2

[Event "BL 1516 Hansa Dortmund - USV TU Dresden"]
[Site "?"]
[Date "2016.02.21"]
[Round "9.6"]
[White "Mainka, Romuald"]
[Black "Boensch, Uwe"]
[Result "0-1"]
[WhiteElo "2416"]
[BlackElo "2552"]
[PlyCount "96"]
[EventDate "2016.??.??"]

1. e4 c5 2. Nf3 Nc6 3. d4 cxd4 4. Nxd4 Qb6 5. Nb3 Nf6 6. Nc3 e6 7. Qe2 Bb4 8.
Bd2 O-O 9. a3 Bxc3 10. Bxc3 e5 11. O-O-O Rd8 12. Rd6 Ne8 13. Ba5 Nxd6 14. Bxb6
axb6 15. Qd3 Ne8 16. Qe3 Nf6 17. Qxb6 Nxe4 18. Bb5 Re8 19. Rd1 Nf6 20. f3 d5
21. Nc5 d4 22. Nxb7 Bxb7 23. Qxb7 Na5 24. Qc7 Nd5 25. Qd7 Red8 26. Qh3 Ne3 27.
Rd2 Rdc8 28. Kb1 Nac4 29. Bxc4 Nxc4 30. Rd3 Rcb8 31. Kc1 Rxb2 32. Rb3 Ra2 33.
Kb1 R2xa3 34. Rxa3 Nxa3+ 35. Kb2 Nc4+ 36. Kb3 Ne3 37. Qd7 Rb8+ 38. Ka4 Nxg2 39.
Qe7 f6 40. Qe6+ Kh8 41. Qc6 Nf4 42. Qd7 h5 43. Qf5 Ra8+ 44. Kb4 Ra1 45. Kc5 Rh1
46. Kd6 Rxh2 47. Ke7 Rg2 48. Kf7 Rg6 0-1

[Event "BL 1516 Hansa Dortmund - USV TU Dresden"]
[Site "?"]
[Date "2016.02.21"]
[Round "9.7"]
[White "Tischbierek, Raj"]
[Black "Karger, Frank"]
[Result "1-0"]
[WhiteElo "2433"]
[BlackElo "2282"]
[PlyCount "81"]
[EventDate "2016.??.??"]

1. g3 Nf6 2. Bg2 g6 3. e4 d6 4. d4 Bg7 5. Nc3 O-O 6. Nge2 e5 7. h3 exd4 8. Nxd4
Re8 9. O-O Nc6 10. Be3 Bd7 11. Re1 a6 12. f4 Rb8 13. g4 Nxd4 14. Bxd4 Bc6 15.
Qd2 Re7 16. g5 Nh5 17. Bxg7 Nxg7 18. Nd1 d5 19. e5 d4 20. Bxc6 bxc6 21. b3 Nf5
22. Nf2 h6 23. gxh6 Nxh6 24. Ne4 Nf5 25. Qg2 Kg7 26. Rad1 Qd5 27. c4 Qa5 28.
Ng3 Nxg3 29. Qxg3 Rbe8 30. Rxd4 Qxa2 31. Rde4 Kf8 32. f5 gxf5 33. Rh4 Re6 34.
Rh8+ Ke7 35. Qg5+ Kd7 36. Rxe8 Rxe8 37. Qxf5+ Ke7 38. Qf6+ Kf8 39. e6 Rxe6 40.
Rxe6 Qb1+ 41. Kf2 1-0

[Event "BL 1516 Hansa Dortmund - USV TU Dresden"]
[Site "?"]
[Date "2016.02.21"]
[Round "9.8"]
[White "Schroeder, Kevin"]
[Black "Gauglitz, Gernot"]
[Result "0-1"]
[WhiteElo "2276"]
[BlackElo "2389"]
[PlyCount "92"]
[EventDate "2016.??.??"]

1. e4 c5 2. Nf3 Nc6 3. Bb5 g6 4. O-O Bg7 5. c3 Nf6 6. Re1 O-O 7. d4 cxd4 8. e5
Nd5 9. Qb3 Nc7 10. cxd4 Nxb5 11. Qxb5 a6 12. Qb3 d6 13. Nc3 Bg4 14. Qxb7 Bxf3
15. gxf3 Nxd4 16. exd6 exd6 17. Rd1 Re8 18. Qd5 Qf6 19. Kg2 Nf5 20. f4 Rac8 21.
Ne4 Qe7 22. Ng3 Nxg3 23. hxg3 Rc2 24. Rd2 Rc5 25. Qf3 Qc7 26. Rd1 Rc2 27. Rb1
Ree2 28. Be3 h5 29. Rbc1 Qb8 30. f5 gxf5 31. Rxc2 Rxc2 32. Qxf5 Rxb2 33. Qxh5
Qb7+ 34. Qf3 Qxf3+ 35. Kxf3 Rxa2 36. Rxd6 a5 37. Ke4 a4 38. f4 a3 39. f5 Re2
40. Rd8+ Kh7 41. Kd3 Rxe3+ 42. Kxe3 a2 43. Ra8 a1=Q 44. Rxa1 Bxa1 45. g4 Kh6
46. Kf4 Bf6 0-1

[Event "BL 1516 SK Norderstedt - Schwäbisch Ha"]
[Site "?"]
[Date "2016.03.12"]
[Round "10.1"]
[White "Rodshtein, Maxim"]
[Black "Trent, Lawrence"]
[Result "1/2-1/2"]
[WhiteElo "2710"]
[BlackElo "2451"]
[PlyCount "97"]
[EventDate "2016.??.??"]

1. Nf3 Nf6 2. c4 e6 3. Nc3 d5 4. d4 Nbd7 5. cxd5 exd5 6. Bg5 Be7 7. e3 c6 8.
Qc2 h6 9. Bh4 Nh5 10. Bxe7 Qxe7 11. O-O-O Nb6 12. Kb1 Be6 13. Bd3 O-O-O 14. Na4
Nf6 15. Nc5 Bg4 16. Rc1 Bxf3 17. gxf3 Ne8 18. a4 Nd6 19. e4 Kb8 20. Rhe1 Qh4
21. Ka2 Qf4 22. Qb3 Qd2 23. Red1 Qa5 24. e5 Ndc4 25. f4 g6 26. Qc3 Qxc3 27.
Rxc3 Nd7 28. Nxd7+ Rxd7 29. Bxc4 dxc4 30. Rxc4 Rhd8 31. Kb3 Rd5 32. Kc3 a5 33.
Rd3 Kc7 34. Rh3 Kd7 35. b4 Ke6 36. bxa5 Rxa5 37. Rxh6 Rda8 38. Kb3 Kd5 39. Rh7
b5 40. Rb4 Rxa4 41. Rxf7 Ra2 42. Kc3 Rxf2 43. Rd7+ Ke6 44. Rd6+ Ke7 45. Rb1 Ra4
46. Rd1 Rf3+ 47. Kb2 Rf2+ 48. Kc3 Rf3+ 49. Kb2 1/2-1/2

[Event "BL 1516 SK Norderstedt - Schwäbisch Ha"]
[Site "?"]
[Date "2016.03.12"]
[Round "10.2"]
[White "Kopylov, Michael"]
[Black "Gharamian, Tigran"]
[Result "1/2-1/2"]
[WhiteElo "2407"]
[BlackElo "2630"]
[PlyCount "45"]
[EventDate "2016.??.??"]

1. d4 Nf6 2. c4 e6 3. g3 d5 4. Bg2 dxc4 5. Nf3 a6 6. Ne5 c5 7. Be3 Nd5 8. dxc5
Qc7 9. Nxc4 Nxe3 10. Nxe3 Bxc5 11. Qc1 O-O 12. O-O Qe7 13. Nc3 Nd7 14. Ne4 Ba7
15. Rd1 Nf6 16. Qc3 Nxe4 17. Bxe4 Rb8 18. Nc4 Qc5 19. e3 b5 20. Ne5 Qxc3 21.
bxc3 Bb7 22. Bxb7 Rxb7 23. a4 1/2-1/2

[Event "BL 1516 SK Norderstedt - Schwäbisch Ha"]
[Site "?"]
[Date "2016.03.12"]
[Round "10.3"]
[White "Cornette, Matthieu"]
[Black "Krause, Benedict"]
[Result "1-0"]
[WhiteElo "2573"]
[BlackElo "2317"]
[PlyCount "53"]
[EventDate "2016.??.??"]

1. e4 c6 2. d4 d5 3. e5 Bf5 4. h4 h5 5. Bd3 Bxd3 6. Qxd3 Qa5+ 7. Nd2 e6 8. Ne2
Qa6 9. c4 Ne7 10. b3 Nd7 11. Qc3 Nf5 12. Ng3 g6 13. Nxf5 gxf5 14. O-O Be7 15.
cxd5 cxd5 16. Nf3 b6 17. a4 Rc8 18. Qe3 Rg8 19. Qh6 Qe2 20. Bg5 Bxg5 21. Nxg5
Qg4 22. Rac1 Ke7 23. Rxc8 Rxc8 24. Qg7 Rf8 25. Rc1 Qxd4 26. Rc7 Kd8 27. Nxe6+
1-0

[Event "BL 1516 SK Norderstedt - Schwäbisch Ha"]
[Site "?"]
[Date "2016.03.12"]
[Round "10.4"]
[White "Powierski, Emil"]
[Black "Michalik, Peter"]
[Result "0-1"]
[WhiteElo "2306"]
[BlackElo "2575"]
[PlyCount "72"]
[EventDate "2016.??.??"]

1. e4 c6 2. Nc3 d5 3. Nf3 Nf6 4. e5 Ne4 5. Ne2 Qb6 6. d4 e6 7. Nfg1 f6 8. f3
Ng5 9. exf6 gxf6 10. f4 Nf7 11. Nf3 Nd7 12. Ng3 Be7 13. Bd3 Nf8 14. c3 Bd7 15.
Qe2 f5 16. Ne5 Nxe5 17. fxe5 c5 18. dxc5 Bxc5 19. Nh5 O-O-O 20. Bg5 Re8 21. Ng7
h6 22. Bf6 Ng6 23. g3 Ref8 24. O-O-O Kb8 25. h4 Rc8 26. Kb1 Ne7 27. Ka1 a5 28.
g4 fxg4 29. Qxg4 a4 30. Rhf1 a3 31. b3 Nc6 32. Qh5 Bd4 33. Rc1 Bxc3+ 34. Kb1
Nd4 35. Qf7 Ba4 36. Nxe6 Nxb3 0-1

[Event "BL 1516 SK Norderstedt - Schwäbisch Ha"]
[Site "?"]
[Date "2016.03.12"]
[Round "10.5"]
[White "Bogner, Sebastian"]
[Black "Polischuk, Viktor"]
[Result "1-0"]
[WhiteElo "2547"]
[BlackElo "2296"]
[PlyCount "89"]
[EventDate "2016.??.??"]

1. d4 Nf6 2. c4 c5 3. d5 b5 4. cxb5 a6 5. bxa6 g6 6. Nc3 Bxa6 7. g3 d6 8. Bg2
Bg7 9. Nf3 Nbd7 10. Rb1 Nb6 11. b3 Bb7 12. Nh4 Qd7 13. O-O O-O 14. b4 c4 15. b5
Ng4 16. Qc2 e6 17. Rd1 Qe7 18. e4 Rfc8 19. Nf3 Bxc3 20. Qxc3 Na4 21. Qc2 exd5
22. exd5 Ne5 23. Nd4 Qf6 24. Nc6 c3 25. Rb4 Nc5 26. Rf4 Qg7 27. Ne7+ Kh8 28.
Nxc8 Bxc8 29. Qxc3 Bg4 30. Rd2 g5 31. Rfd4 Re8 32. Rxg4 Nxg4 33. Qxg7+ Kxg7 34.
Bb2+ f6 35. Bf3 Re1+ 36. Kg2 Ne5 37. Bxe5 fxe5 38. Rd1 Rxd1 39. Bxd1 e4 40. a4
Kf6 41. a5 Ke5 42. a6 Nd7 43. Bg4 Nb6 44. a7 Kxd5 45. Bd7 1-0

[Event "BL 1516 SK Norderstedt - Schwäbisch Ha"]
[Site "?"]
[Date "2016.03.12"]
[Round "10.6"]
[White "Jochens, Arne"]
[Black "Wirig, Anthony"]
[Result "0-1"]
[WhiteElo "2258"]
[BlackElo "2504"]
[PlyCount "56"]
[EventDate "2016.??.??"]

1. c4 c5 2. g3 g6 3. Bg2 Bg7 4. Nc3 Nc6 5. Nf3 d6 6. O-O Bf5 7. a3 Qd7 8. d3
Bh3 9. Rb1 Bxc3 10. bxc3 b6 11. Nh4 Bxg2 12. Kxg2 f5 13. Qa4 Rc8 14. Bg5 e5 15.
Rfd1 h6 16. Nxg6 hxg5 17. Nxh8 Qg7 18. d4 exd4 19. cxd4 cxd4 20. e3 Qxh8 21.
exd4 Kf8 22. d5 Ne5 23. Qxa7 f4 24. f3 g4 25. fxg4 f3+ 26. Kh1 Nxg4 27. Rd2 f2
28. h4 Qf6 0-1

[Event "BL 1516 SK Norderstedt - Schwäbisch Ha"]
[Site "?"]
[Date "2016.03.12"]
[Round "10.7"]
[White "Womacka, Mathias"]
[Black "Kahlert, Thomas"]
[Result "0-1"]
[WhiteElo "2437"]
[BlackElo "2187"]
[PlyCount "124"]
[EventDate "2016.??.??"]

1. e4 e5 2. Nf3 Nc6 3. Bb5 a6 4. Bxc6 dxc6 5. O-O Bd6 6. d4 exd4 7. Qxd4 f6 8.
Be3 Ne7 9. Nbd2 Be6 10. Qc3 Qd7 11. Nc4 Bxc4 12. Qxc4 O-O-O 13. Nd4 c5 14. Nb3
b5 15. Qe2 c4 16. Nc5 Bxc5 17. Bxc5 Rhe8 18. b4 Nc6 19. a4 Kb7 20. axb5 axb5
21. Rfe1 Qe6 22. Qf3 Ra8 23. h3 Qe5 24. Rad1 Rad8 25. Rxd8 Rxd8 26. Qe3 g5 27.
g3 Qb2 28. Qf3 Qxc2 29. Qxf6 Rd1 30. Rxd1 Qxd1+ 31. Kh2 Qe1 32. Be3 Qxb4 33.
Qxg5 c3 34. Qd5 c2 35. h4 Qc4 36. Qxc4 bxc4 37. g4 c3 38. g5 Ne5 39. Kg3 Nd3
40. h5 c1=Q 41. Bxc1 Nxc1 42. g6 hxg6 43. hxg6 Ne2+ 44. Kf3 c2 45. g7 c1=Q 46.
g8=Q Nd4+ 47. Kg2 Qc5 48. Qg7 Ne6 49. Qb2+ Kc6 50. Qh8 Qd4 51. Qa8+ Kd6 52. f3
c5 53. Qb8+ Ke7 54. e5 Nf4+ 55. Kg3 Ng6 56. Qc7+ Kf8 57. e6 Qg1+ 58. Kh3 Qh1+
59. Kg3 Qh4+ 60. Kg2 Nf4+ 61. Kf1 Qh1+ 62. Kf2 Qg2+ 0-1

[Event "BL 1516 SK Norderstedt - Schwäbisch Ha"]
[Site "?"]
[Date "2016.03.12"]
[Round "10.8"]
[White "Bohnsack, Ralf"]
[Black "Raykhman, Alexander"]
[Result "0-1"]
[WhiteElo "2155"]
[BlackElo "2421"]
[PlyCount "180"]
[EventDate "2016.??.??"]

1. d4 Nf6 2. Nf3 g6 3. c4 Bg7 4. Nc3 O-O 5. e4 d6 6. Be2 e5 7. d5 a5 8. Bg5 h6
9. Bh4 Na6 10. Nd2 Qe8 11. O-O Nh7 12. a3 Bd7 13. b3 h5 14. f3 Bh6 15. Kh1 Be3
16. Qc2 g5 17. Bf2 Bxf2 18. Rxf2 h4 19. Rb1 c5 20. Nb5 Qe7 21. Nf1 Nf6 22. g4
hxg3 23. Nxg3 Kh7 24. Qd2 Rg8 25. Rg1 Ne8 26. Bf1 Nac7 27. a4 Qf6 28. Ne2 Rg6
29. Rg3 Nxb5 30. cxb5 Ng7 31. Rfg2 g4 32. f4 Nh5 33. f5 Nxg3+ 34. Nxg3 Rh6 35.
Be2 Qh4 36. Bc4 b6 37. Bd3 Rh8 38. Bc4 Rg8 39. Kg1 Kg7 40. Bf1 Kf8 41. Bc4 Ke7
42. Bf1 Kd8 43. Bc4 Kc7 44. Bf1 Qf6 45. Rf2 Rgh8 46. Qe3 Rh4 47. Qd2 R8h6 48.
Qe3 Qg7 49. Qc1 Rf6 50. Qe3 Qh7 51. Qc1 Kb7 52. Qe3 Rfh6 53. Qd2 Qh8 54. Re2 c4
55. bxc4 Qc8 56. Rg2 Qc5+ 57. Qf2 Qb4 58. Qc2 Rh8 59. Qa2 Rh3 60. Qc2 Qa3 61.
Qa2 Qb4 62. Qc2 R8h7 63. Rf2 R3h4 64. Rg2 f6 65. Qa2 Rh8 66. Qc2 R4h7 67. Qa2
Kc7 68. Qc2 Rh3 69. Rf2 R3h7 70. Rg2 Kb7 71. Qa2 Rc8 72. Qc2 Rc7 73. Qa2 Rh3
74. Qc2 Qa3 75. Qa2 Rxg3 76. hxg3 Qe3+ 77. Qf2 Qxe4 78. Rh2 Bxf5 79. Rh5 Bg6
80. Rh6 Rf7 81. Rh8 Qd4 82. Qxd4 exd4 83. Rg8 Bf5 84. Re8 Bc2 85. Kf2 Bxa4 86.
Bd3 Bb3 87. Ke1 a4 88. Kd2 a3 89. Kc1 Rc7 90. Re4 Rh7 0-1